The World's 50 Largest Cities by Letter - A - Statistics

General Stats
  • This quiz has been taken 7,193 times
    3,569 since last reset
  • The average score is 28 of 50
Answers on the Map
Answers color-coded by a green-red scale on the quiz's map according to % correct below.
 
Answer Stats
# Population Country Urban Area % Correct
21 2,017,935 Netherlands Amsterdam
98%
9 5,009,842 Algeria Algiers
96%
8 5,268,737 Turkey Ankara
96%
5 6,098,561 United States Atlanta
96%
10 3,618,860 Greece Athens
95%
2 7,165,715 Egypt Alexandria
94%
17 2,339,567 United States Austin
93%
6 6,018,348 Ethiopia Addis Ababa
92%
7 5,623,845 Ghana Accra
91%
3 6,599,805 Jordan Amman
91%
27 1,731,774 New Zealand Auckland
91%
23 1,860,869 Belgium Antwerp
89%
20 2,080,000 Paraguay Asunción
89%
35 1,202,756 U. A. E. Abu Dhabi
88%
30 1,426,803 Australia Adelaide
87%
14 2,774,180 Nigeria Abuja
86%
31 1,406,171 Kazakhstan Astana
86%
12 3,244,330 Madagascar Antananarivo
84%
1 7,967,535 India Ahmedabad
76%
4 6,321,017 Côte d'Ivoire Abidjan
75%
36 1,179,485 Turkmenistan Ashgabat
75%
46 981,666 United States Albuquerque
74%
15 2,761,563 Syria Aleppo
74%
16 2,424,600 Kazakhstan Almaty
73%
47 896,000 Eritrea Asmara
71%
13 2,889,032 India Agra
64%
32 1,385,471 Turkey Antalya
63%
43 1,005,892 Yemen Aden
55%
50 852,622 Mexico Acapulco
50%
34 1,249,557 Morocco Agadir
41%
39 1,125,400 Peru Arequipa
41%
26 1,779,463 Turkey Adana
39%
40 1,079,593 United States Allentown
32%
18 2,320,815 Philippines Angeles
31%
29 1,441,726 India Amritsar
28%
38 1,140,916 Mexico Aguascalientes
26%
22 1,906,672 China Anshan
26%
33 1,292,138 Nigeria Aba
25%
45 983,205 Netherlands Arnhem - Nijmegen
23%
28 1,687,650 Iran Ahvaz
20%
19 2,143,362 China Anyang
17%
44 1,001,262 U. A. E. Al-Ain
16%
24 1,832,546 India Aurangabad
16%
42 1,026,717 Brazil Aracaju
14%
11 3,559,860 India Asansol
12%
25 1,799,921 India Aligarh
11%
41 1,050,885 Uzbekistan Andijan
9%
48 861,288 India Agartala
6%
37 1,151,618 India Alappuzha
5%
49 860,247 China Ankang
4%
No matching quizzes found
Score Distribution
Percent of People with Each Score
Percentile by Number Answered
Your Score History
You have not taken this quiz since the last reset